| 000 | 00652nam a22001697a 4500 | ||
|---|---|---|---|
| 005 | 20231110085444.0 | ||
| 008 | 231110b |||||||| |||| 00| 0 eng d | ||
| 020 | _a0702110582 | ||
| 041 | _aEnglish | ||
| 082 | _a346.1 HAH | ||
| 100 |
_aHahlo, HR and Sinclair, JD _lEnglish |
||
| 245 |
_aThe Reform of the South African Law of Divorce : _bThe Dissolution of Marriages on Presumption of Death Act 23 of 1979 (The Divorce Act 70 of 1979) / _cHR Hahlo and JD Sinclair |
||
| 260 |
_aCape Town : _bJuta and Company Ltd, _c1980 |
||
| 300 |
_bvi, 66 pages ; _c25,5 cm. |
||
| 650 |
_aLegal practice _bLaw |
||
| 942 |
_cBK _6ALISON_BN_VRIES |
||
| 999 |
_c517 _d517 |
||